Cuentos de amor, de locura y de muerte: temas, ambiene y personajes bakalárska práca

Salvato in:
Dettagli Bibliografici
Autore principale: Kopčeková, Dominika
Ente Autore: Fakulta aplikovaných jazykov EU v Bratislave. Katedra románskych a slovanských jazykov
Altri autori: Tužinská, Sofia, 1973-
Natura: Libro
Lingua:spagnolo
Pubblicazione: Bratislava 2018
Tags: Aggiungi Tag
Nessun Tag, puoi essere il primo ad aggiungerne!!

MARC

LEADER 00000nbm a2200000 4500
001 0244041
005 20181011092620.4
041 0 |a spa 
044 |a SK 
245 1 0 |a Cuentos de amor, de locura y de muerte: temas, ambiene y personajes  |b bakalárska práca  |c Dominika Kopčeková ; školiteľ: Sofia Tužinská 
264 1 |a Bratislava  |c 2018 
300 |a 43 s. 
100 1 |a Kopčeková, Dominika 
700 1 |a Tužinská, Sofia, 1973- 
710 2 |a Fakulta aplikovaných jazykov EU v Bratislave. Katedra románskych a slovanských jazykov